Irish Journal of American Studies

Библиографические подробности
Формат: Электронный ресурс Журнал
Язык:English
Опубликовано: Irish Association for American Studies
Предметы:
Online-ссылка:Full text available on JSTOR[1992-12-01 - 2004-01-01]
Off-campus access
LEADER 01023cas a2200205 a 4500
001 AALejournalJSTOR000733
008 230228c9999 xx r poo 0 0eng d
022 |a 1351-3818 
040 |a BD-DhAAL  |c BD-DhAAL 
245 0 0 |h [electronic resource]  |a Irish Journal of American Studies 
260 |b Irish Association for American Studies 
300 |a 1 online resource 
362 0 |a Vol. 1 
500 |a <strong>Off-Campus Access:</strong> Athens ID and Password Required 
500 |a <strong>On-Campus Access:</strong> No User ID or Password Required 
506 |a Electronic access restricted to authorized BRAC University faculty, staff and students 
538 |a Mode of access: Internet 
650 4 |a American Studies ; Area Studies ; History ; Humanities ; Language & Literature 
856 4 0 |z Full text available on JSTOR[1992-12-01 - 2004-01-01]  |u https://www.jstor.org/journal/irisjamerstud 
856 4 0 |z Off-campus access  |u https://go.openathens.net/redirector/bracu.ac.bd?url=https%3A%2F%2Fwww.jstor.org%2Fjournal%2Firisjamerstud